| 000 | 00676nam a2200265Ia 4500 | ||
|---|---|---|---|
| 005 | 20250425161529.0 | ||
| 008 | 250425s9999 xx 000 0 und d | ||
| 041 | _aspa | ||
| 082 | _a540 | ||
| 100 | _aPETRUCCI, RALPH H. | ||
| 245 | 0 | _aQUIMICA GENERAL | |
| 250 | _a1A ED. | ||
| 260 | _aBOGOTA | ||
| 260 |
_aColombia _bFONDO EDUCATIVO INTERAMERICANO _c1977 |
||
| 300 | _a692 | ||
| 500 | _aTÃtulo Traducido: GENERAL CHEMESTRY | ||
| 500 | _aTRANSFERIDO DE BIB. TEC.17397-C19 | ||
| 650 | _aATOMOS | ||
| 650 | _aESTEQUIOMETRIA | ||
| 650 | _aQUIMICA GENERAL | ||
| 650 | _aTERMODINAMICA | ||
| 700 |
_aPETER FIEDLER _etraductor |
||
| 942 | _c01 | ||
| 010 | _a22400 | ||
| 999 |
_c211066 _d211066 |
||